| 000 | 01665njm a22003497a 4500 | ||
|---|---|---|---|
| 005 | 20100918153920.0 | ||
| 007 | sd ammalaaahaa | ||
| 008 | 100904t xxu||||| |||| 00| 0 hin d | ||
| 028 |
_aECLP.5945 _bHis Master's Voice |
||
| 028 |
_a2XJW. 6231 _bHis Master's Voice |
||
| 028 |
_a2XJW. 6232 _bHis Master's Voice |
||
| 035 | _aGR-03597 | ||
| 040 | _aSED/VEN | ||
| 100 |
_91184 _aBhosle, Asha |
||
| 245 |
_aLorie (Part-1) _bHindi Film / _cby Asha Bhosle, Jagjeet Kaur, Pamela Chopra & Chorus; Music by Khaiyyam; Lyric by Bashar Nawaz _h[Sound Recording] : |
||
| 246 | _aलोरी (आशा भोसले, जगजीत कौर,पामेला चोपड़ा और चोरस) | ||
| 250 | _aP-1981 | ||
| 260 |
_aDum Dum, India _bHis Master's Voice |
||
| 300 |
_a1 sound disc [Gramophone Recording] : _banalog, 33 1/3 rpm ; _c12 in. [LP] _fGramophone Records |
||
| 500 | _aBrief Records | ||
| 500 | _aRecord Labels: His Master's Voice, Red | ||
| 505 | _aSong Side-1; गुडिया चुडिया चाँद चकोरी (लोरी) (आशा भोसले, जगजीत कौर,पामेला चोपड़ा और चोरस), Song Side-2; आजा निंदिया आजा (लता मंगेशकर) (भाग-2) | ||
| 600 |
_920259 _aBhosle, Asha |
||
| 610 | _920322 | ||
| 650 |
_aClassical Music _xExcerpts _zIndia _918309 |
||
| 700 |
_918319 _aKaur, Jagjeet |
||
| 700 |
_aChopra, Pamela _920715 |
||
| 700 |
_aMangeshkar, Lata _920708 |
||
| 700 |
_aChorus _920717 |
||
| 942 |
_2ddc _cGR |
||
| 999 |
_c46820 _d46820 |
||